Wonder Women (Record no. 40871)

MARC details
000 -LEADER
fixed length control field 00329nam a2200133Ia 4500
008 - FIXED-LENGTH DATA ELEMENTS--GENERAL INFORMATION
fixed length control field 240703s9999 xx 000 0 und d
041 ## - LANGUAGE CODE
Language code of text/sound track or separate title eng
100 ## - MAIN ENTRY--PERSONAL NAME
Personal name Alexandra Blanchard
245 ## - TITLE STATEMENT
Title Wonder Women
260 ## - PUBLICATION, DISTRIBUTION, ETC.
Name of publisher, distributor, etc. C Hurst & Co Publishers Ltd
Date of publication, distribution, etc. 2022
365 ## - TRADE PRICE
Currency code RS.
Price amount 1,795.00
906 ## - LOCAL DATA ELEMENT F, LDF (RLIN)
b 27.5
Holdings
Withdrawn status Lost status Damaged status Not for loan Home library Current library Shelving location Date acquired Source of acquisition Cost, normal purchase price Total Checkouts Barcode Date last seen Date last checked out Copy number Price effective from Koha item type
        IMTN IMTN Rack 38-A 07/03/2024 Sneha Sinha(202212041/202232035 1795.00 1 33280 03/01/2025 07/09/2024 1 07/03/2024 Books
Designed & Maintained by: LRC IMT Nagpur Contact: lrc@imtnag.ac.in© 2024. All Rights Reserved.